Sports Quiz

Random Sports or MLB Quiz

All-Star Game Starting Pitchers for Both Leagues Quiz Stats

Quiz Updated Jun 17, 2015

Challenge
Share
Tweet
Embed
Score 0/5 Timer 05:00
0 Plays Today
Player % Correct
Randy Johnson
83.3%
Roger Clemens
80.4%
Max Scherzer
47.1%
Roy Halladay
44.2%
Vida Blue
18.9%

You're not logged in!

Compare scores with friends on all Sporcle quizzes.
Sign Up with Email
OR
Log In

You Might Also Like...

Show Comments

Extras

Top Quizzes Today


Score Distribution

Your Account Isn't Verified!

In order to create a playlist on Sporcle, you need to verify the email address you used during registration. Go to your Sporcle Settings to finish the process.